000 00370nam a22001577a 4500
003 MPLRDC
005 20220104114558.0
008 210129b ||||| |||| 00| 0 eng d
082 _a831.98 CY
100 _a垂仰
245 _a金山顶上迎朝阳
_c
260 _a
_b洪炉文化企业
_c1978
300 _b
650 _a白话诗总集
942 _cBK
_o831.98 CY
999 _c8590
_d8580